<?xml version="1.0" encoding="UTF-8"?>
<record
    xmlns:xsi="http://www.w3.org/2001/XMLSchema-instance"
    xsi:schemaLocation="http://www.loc.gov/MARC21/slim http://www.loc.gov/standards/marcxml/schema/MARC21slim.xsd"
    xmlns="http://www.loc.gov/MARC21/slim">

  <leader>01179nam a2200289   4500</leader>
  <controlfield tag="003">OSt</controlfield>
  <controlfield tag="005">20260530115259.0</controlfield>
  <controlfield tag="008">260421b1980    ec a|||| |||| 00| 0 spa d</controlfield>
  <datafield tag="040" ind1=" " ind2=" ">
    <subfield code="a">ICI</subfield>
    <subfield code="b">spa</subfield>
    <subfield code="c">ICI</subfield>
  </datafield>
  <datafield tag="050" ind1=" " ind2=" ">
    <subfield code="a">NK1164</subfield>
    <subfield code="b">D565</subfield>
  </datafield>
  <datafield tag="245" ind1="1" ind2="0">
    <subfield code="a">El Dise&#xF1;o en una sociedad en cambio /</subfield>
    <subfield code="c">C. Malo, L. Molinari, MICEI, O. Arroyo, M. &#xC1;lvarez, H. Rodr&#xED;guez</subfield>
  </datafield>
  <datafield tag="264" ind1=" " ind2="1">
    <subfield code="b">Centro Interamericano de Artesan&#xED;as y Artes Populares ;</subfield>
    <subfield code="b">Ecuador-OEA</subfield>
    <subfield code="c">[entre 1980 y 1982]</subfield>
    <subfield code="a">[Cuenca] : </subfield>
    <subfield code="a">[Quito] :</subfield>
  </datafield>
  <datafield tag="300" ind1=" " ind2=" ">
    <subfield code="a">252 p&#xE1;ginas</subfield>
    <subfield code="b">ilustraciones</subfield>
    <subfield code="c">21.7 cm</subfield>
  </datafield>
  <datafield tag="336" ind1=" " ind2=" ">
    <subfield code="a">texto</subfield>
    <subfield code="2">rdacontent</subfield>
  </datafield>
  <datafield tag="337" ind1=" " ind2=" ">
    <subfield code="a">sin medio</subfield>
    <subfield code="2">rdamedia</subfield>
  </datafield>
  <datafield tag="338" ind1=" " ind2=" ">
    <subfield code="a">volumen</subfield>
    <subfield code="2">rdacarrier</subfield>
  </datafield>
  <datafield tag="650" ind1=" " ind2="0">
    <subfield code="a">Dise&#xF1;o</subfield>
    <subfield code="v">Congresos</subfield>
    <subfield code="9">30895</subfield>
  </datafield>
  <datafield tag="650" ind1=" " ind2="0">
    <subfield code="a">Arte y sociedad</subfield>
    <subfield code="v">Congresos</subfield>
    <subfield code="9">30896</subfield>
  </datafield>
  <datafield tag="700" ind1="1" ind2=" ">
    <subfield code="a">Malo, C.</subfield>
    <subfield code="d">1936- ,</subfield>
    <subfield code="q">(Claudio),</subfield>
    <subfield code="9">30897</subfield>
  </datafield>
  <datafield tag="700" ind1="1" ind2=" ">
    <subfield code="a">Molinari Flores, Luis,</subfield>
    <subfield code="e">autor</subfield>
    <subfield code="9">30898</subfield>
  </datafield>
  <datafield tag="700" ind1="1" ind2=" ">
    <subfield code="a">Arroyo Arriaga, Omar,</subfield>
    <subfield code="e">autor</subfield>
    <subfield code="9">30899</subfield>
  </datafield>
  <datafield tag="700" ind1="1" ind2=" ">
    <subfield code="a">&#xC1;lvarez Fuentes, Manuel,</subfield>
    <subfield code="e">autor</subfield>
  </datafield>
  <datafield tag="700" ind1="1" ind2=" ">
    <subfield code="a">Rodr&#xED;guez Castelo, Hern&#xE1;n,</subfield>
    <subfield code="d">1933-</subfield>
    <subfield code="q">autor</subfield>
    <subfield code="9">30901</subfield>
  </datafield>
  <datafield tag="710" ind1="2" ind2=" ">
    <subfield code="a">Centro Interamericano de Artesan&#xED;as y Artes Populares</subfield>
    <subfield code="9">30902</subfield>
  </datafield>
  <datafield tag="711" ind1="2" ind2=" ">
    <subfield code="a">Seminario Nacional de Dise&#xF1;o</subfield>
    <subfield code="c">Cuenca, Ecuador)</subfield>
    <subfield code="n">(2 : |d 1980 :</subfield>
    <subfield code="9">30903</subfield>
  </datafield>
  <datafield tag="942" ind1=" " ind2=" ">
    <subfield code="2">lcc</subfield>
    <subfield code="c">BK</subfield>
  </datafield>
  <datafield tag="999" ind1=" " ind2=" ">
    <subfield code="c">12746</subfield>
    <subfield code="d">12746</subfield>
  </datafield>
</record>
